000 00555nam a2200229Ia 4500
005 20260320201653.0
008 008 262003s9999 xx 000 0 eng d
037 _aEBOOK
040 _aCRL
040 _beng
040 _cCRL
041 _2eng
041 _aeng
084 _qCRL
100 _aBeese
_91135625
245 0 _aFracture, Fatigue, Failure and Damage Evolution, 2018
260 _bIEEE
856 _uhttps://ieeexplore.ieee.org/servlet/opac?bknumber=11054403
942 _cEBOOK
999 _c1722827
_d1722827